[Event "25th European Teams"]
[Site "Batumi GEO"]
[Date "2025.10.09"]
[Round "5.9"]
[Board "4"]
[White "Jobava, Baadur"]
[Black "Malek, Jan"]
[Result "1-0"]
[WhiteTitle "GM"]
[BlackTitle "GM"]
[WhiteElo "2573"]
[BlackElo "2508"]
[WhiteTeam "Georgia 1"]
[BlackTeam "Poland"]
[WhiteFideId "13601520"]
[BlackFideId "21864080"]
[EventDate "2025.10.05"]

1. e4 c5 2. Ne2 Nf6 3. Nbc3 d6 4. g3 Nc6 5. Bg2 g6 6. d3 Bg7 7. h3 Rb8 8. a4 O-O
9. O-O a6 10. f4 Nd7 11. g4 b5 12. Kh1 e6 13. axb5 axb5 14. e5 d5 15. Ng1 g5 16.
Nce2 gxf4 17. Nxf4 Ncxe5 18. Nh5 Bh8 19. Bh6 Re8 20. Nf3 Ng6 21. g5 Bb7 22. Nh2
Ra8 23. Rb1 Ra6 24. Qf3 Qe7 25. Ng4 e5 26. Qg3 e4 27. dxe4 Be5 28. Nxe5 Qxe5 29.
Qg4 Qe6 30. Qxe6 Raxe6 31. Ng7 dxe4 32. Rbd1 Bc6 33. Nxe8 Rxe8 34. Rd6 Nde5 35.
Rfd1 Nh4 36. Rd8 f5 37. gxf6 Nxg2 38. Rxe8+ Bxe8 39. Kxg2 Kf7 40. Be3 c4 41. Rd6
c3 42. b3 Nc6 43. Bc5 1-0

[Event "25th European Teams"]
[Site "Batumi GEO"]
[Date "2025.10.09"]
[Round "5.10"]
[Board "1"]
[White "Saric, Ivan"]
[Black "Pechac, Jergus"]
[Result "1/2-1/2"]
[WhiteTitle "GM"]
[BlackTitle "GM"]
[WhiteElo "2661"]
[BlackElo "2539"]
[WhiteTeam "Croatia"]
[BlackTeam "Slovakia"]
[WhiteFideId "14508150"]
[BlackFideId "14926970"]
[EventDate "2025.10.05"]

1. e4 e5 2. Nf3 Nc6 3. Bb5 a6 4. Ba4 Be7 5. O-O Nf6 6. Re1 b5 7. Bb3 d6 8. c3
O-O 9. h3 Nb8 10. d4 Nbd7 11. Nbd2 Bb7 12. Bc2 Re8 13. Nf1 Bf8 14. Ng3 g6 15.
Bd2 Bg7 16. Qc1 d5 17. Bg5 Qc8 18. Nxe5 Nxe5 19. dxe5 Nxe4 20. Bxe4 dxe4 21. Bf6
Bxf6 22. exf6 Qe6 23. Qg5 Qe5 24. h4 Re6 25. Rad1 Qxf6 26. Qxf6 Rxf6 27. Nxe4
Bxe4 28. Rxe4 Kf8 29. Rd7 c5 30. b3 Re8 31. Rxe8+ Kxe8 32. Rd5 Rc6 33. c4 bxc4
34. bxc4 Rb6 35. Rxc5 Rb1+ 36. Kh2 Rb2 37. Ra5 Rxf2 38. Kg3 Rc2 39. Ra4 h5 40.
Kf3 f6 41. Rxa6 Rxc4 42. Rxf6 Rxh4 43. Rxg6 Ra4 44. Re6+ Kf7 45. Re2 h4 46. Ke3
Ke6 47. Kd2+ Kd5 48. Ke1 Ra3 49. Kf2 h3 50. Rd2+ Ke5 51. gxh3 1/2-1/2

[Event "25th European Teams"]
[Site "Batumi GEO"]
[Date "2025.10.09"]
[Round "5.10"]
[Board "2"]
[White "Gazik, Viktor"]
[Black "Brkic, Ante"]
[Result "1/2-1/2"]
[WhiteTitle "GM"]
[BlackTitle "GM"]
[WhiteElo "2556"]
[BlackElo "2578"]
[WhiteTeam "Slovakia"]
[BlackTeam "Croatia"]
[WhiteFideId "14928752"]
[BlackFideId "14506688"]
[EventDate "2025.10.05"]

1. e4 c5 2. Nf3 d6 3. d4 cxd4 4. Nxd4 Nf6 5. Nc3 a6 6. h3 e5 7. Nb3 Be7 8. g4 h6
9. Be3 b5 10. Nd5 Bb7 11. Bb6 Qc8 12. Nc7+ Kf8 13. f3 Nbd7 14. Nxa8 Qxa8 15. Bf2
Bxe4 16. Be2 Bg6 17. O-O Nd5 18. c4 Nf4 19. Be3 Nxh3+ 20. Kg2 Ng5 21. Qd5 Qxd5
22. cxd5 f5 23. Rac1 f4 24. Rc8+ Be8 25. Bf2 Nf6 26. Rd1 Kf7 27. Bh4 e4 28. fxe4
Ngxe4 29. Bxf6 Nxf6 30. Bf3 g5 31. Re1 h5 32. Rc7 Bd7 33. gxh5 g4 34. Bxg4 Rg8
35. Rxd7 Rxg4+ 36. Kf3 Rg3+ 37. Kxf4 Nxh5+ 38. Ke4 Nf6+ 39. Kf4 1/2-1/2

[Event "25th European Teams"]
[Site "Batumi GEO"]
[Date "2025.10.09"]
[Round "5.10"]
[Board "3"]
[White "Livaic, Leon"]
[Black "Sahidi, Samir"]
[Result "1/2-1/2"]
[WhiteTitle "GM"]
[BlackTitle "IM"]
[WhiteElo "2551"]
[BlackElo "2490"]
[WhiteTeam "Croatia"]
[BlackTeam "Slovakia"]
[WhiteFideId "14531534"]
[BlackFideId "14936372"]
[EventDate "2025.10.05"]

1. d4 Nf6 2. c4 e6 3. Nf3 Bb4+ 4. Nbd2 b6 5. a3 Bxd2+ 6. Qxd2 Bb7 7. e3 d6 8.
Be2 Nbd7 9. O-O O-O 10. b4 Ne4 11. Qc2 f5 12. Bb2 a5 13. Rad1 Ng5 14. d5 Nxf3+
15. Bxf3 e5 16. Be2 axb4 17. axb4 f4 18. exf4 Rxf4 19. g3 Rf8 20. Bd3 h6 21. Bf5
Kh8 22. f4 exf4 23. Rxf4 Ne5 24. Qe4 Qe7 25. Rdf1 Rae8 26. Bg6 Rxf4 27. Rxf4
Nxg6 28. Qxg6 Qe3+ 29. Kg2 Qe2+ 30. Kg1 Qe3+ 31. Kg2 Qe2+ 32. Kg1 Qe3+ 1/2-1/2

[Event "25th European Teams"]
[Site "Batumi GEO"]
[Date "2025.10.09"]
[Round "5.10"]
[Board "4"]
[White "Haring, Filip"]
[Black "Stevic, Hrvoje"]
[Result "1/2-1/2"]
[WhiteTitle "IM"]
[BlackTitle "GM"]
[WhiteElo "2479"]
[BlackElo "2522"]
[WhiteTeam "Slovakia"]
[BlackTeam "Croatia"]
[WhiteFideId "14933080"]
[BlackFideId "14502569"]
[EventDate "2025.10.05"]

1. e4 e5 2. Nf3 Nf6 3. Nxe5 d6 4. Nf3 Nxe4 5. Nc3 Nxc3 6. dxc3 Be7 7. Be3 Nd7 8.
Qd2 Ne5 9. Be2 O-O 10. O-O-O Ng4 11. Bd3 Nxe3 12. Qxe3 Re8 13. h4 h6 14. Qf4 d5
15. Ne5 Bf6 16. Ng4 Bxg4 17. Qxg4 Qc8 18. Bf5 Qd8 19. Bd3 Qc8 20. Bf5 Qd8 21.
Bd3 1/2-1/2

[Event "25th European Teams"]
[Site "Batumi GEO"]
[Date "2025.10.09"]
[Round "5.11"]
[Board "1"]
[White "Grandelius, Nils"]
[Black "Gurel, Ediz"]
[Result "1/2-1/2"]
[WhiteTitle "GM"]
[BlackTitle "GM"]
[WhiteElo "2645"]
[BlackElo "2634"]
[WhiteTeam "Sweden"]
[BlackTeam "Turkiye"]
[WhiteFideId "1710400"]
[BlackFideId "44507356"]
[EventDate "2025.10.05"]

1. e4 c5 2. Nf3 Nc6 3. Bb5 d6 4. O-O Bd7 5. Re1 a6 6. Bxc6 Bxc6 7. d4 cxd4 8.
Nxd4 Rc8 9. Nc3 e6 10. h3 Nf6 11. Nxc6 Rxc6 12. Nd5 Be7 13. Nxe7 Qxe7 14. Bg5 h6
15. Bxf6 Qxf6 16. c3 O-O 17. Re3 b5 18. Qd2 Qe5 19. Rd1 Rd8 20. f3 Qc5 21. Kh1
a5 22. Rd3 b4 23. cxb4 Qxb4 24. Qxb4 axb4 25. Rd4 Rb6 26. Rc1 Ra8 27. Rcc4 Rxa2
28. Rxb4 Rxb2 29. Rxb2 Rxb2 30. Rxd6 g5 1/2-1/2

[Event "25th European Teams"]
[Site "Batumi GEO"]
[Date "2025.10.09"]
[Round "5.11"]
[Board "2"]
[White "Yilmaz, Mustafa"]
[Black "Seo, Jung Min"]
[Result "1-0"]
[WhiteTitle "GM"]
[BlackTitle "IM"]
[WhiteElo "2591"]
[BlackElo "2483"]
[WhiteTeam "Turkiye"]
[BlackTeam "Sweden"]
[WhiteFideId "6302718"]
[BlackFideId "1734687"]
[EventDate "2025.10.05"]

1. d4 Nf6 2. c4 e6 3. Nc3 Bb4 4. e3 O-O 5. Bd3 c5 6. Ne2 d5 7. cxd5 cxd4 8. exd4
Qxd5 9. O-O Qh5 10. Ne4 Nxe4 11. Bxe4 Bd6 12. h3 Nc6 13. Be3 Bd7 14. Bf3 Qa5 15.
Nc3 Rfd8 16. a3 Qc7 17. Rc1 Bf4 18. Be4 Bxe3 19. fxe3 Be8 20. Bb1 Qe7 21. Qc2 g6
22. Ba2 Kg7 23. b4 Rac8 24. Qb2 Qg5 25. Rce1 Ne7 26. Ne4 Qh4 27. d5+ Kh6 28. Nf6
Bb5 29. Ng4+ Kh5 30. Qg7 Bxf1 31. Qh6# 1-0

[Event "25th European Teams"]
[Site "Batumi GEO"]
[Date "2025.10.09"]
[Round "5.11"]
[Board "3"]
[White "Blomqvist, Erik"]
[Black "Sanal, Vahap"]
[Result "0-1"]
[WhiteTitle "GM"]
[BlackTitle "GM"]
[WhiteElo "2478"]
[BlackElo "2538"]
[WhiteTeam "Sweden"]
[BlackTeam "Turkiye"]
[WhiteFideId "1709437"]
[BlackFideId "6300545"]
[EventDate "2025.10.05"]

1. e4 e5 2. Nf3 Nc6 3. Bb5 a6 4. Ba4 Nf6 5. O-O Be7 6. Re1 b5 7. Bb3 d6 8. c3
O-O 9. h3 Nb8 10. d4 Nbd7 11. Nbd2 Bb7 12. Bc2 Re8 13. Nf1 Bf8 14. Ng3 g6 15.
Bd2 Bg7 16. Qc1 Qe7 17. Bh6 Bxh6 18. Qxh6 Qf8 19. Qd2 c5 20. d5 a5 21. a4 b4 22.
c4 Kh8 23. Rf1 Ng8 24. Nh2 Qg7 25. b3 Rf8 26. Rae1 Rae8 27. Ng4 Bc8 28. Ne3 Ne7
29. Ne2 Rg8 30. Kh2 Qh6 31. Qc1 g5 32. Ng3 Nf6 33. Bd1 g4 34. Rh1 gxh3 35. Bf3
Qf4 36. Kg1 Rg5 37. Qd1 Reg8 38. gxh3 Rxg3+ 39. fxg3 Rxg3+ 0-1

[Event "25th European Teams"]
[Site "Batumi GEO"]
[Date "2025.10.09"]
[Round "5.11"]
[Board "4"]
[White "Can, Isik"]
[Black "Pantzar, Milton"]
[Result "1-0"]
[WhiteTitle "GM"]
[BlackTitle "IM"]
[WhiteElo "2515"]
[BlackElo "2433"]
[WhiteTeam "Turkiye"]
[BlackTeam "Sweden"]
[WhiteFideId "6383742"]
[BlackFideId "1721003"]
[EventDate "2025.10.05"]

1. e4 e5 2. Nf3 Nc6 3. Bc4 Nf6 4. Ng5 d5 5. exd5 b5 6. Bf1 Nxd5 7. Bxb5 Bb7 8.
Qh5 Qd7 9. d4 a6 10. Bxc6 Bxc6 11. dxe5 Nb4 12. Na3 O-O-O 13. O-O g6 14. Qh3
Qxh3 15. Nxh3 h6 16. Be3 g5 17. Rad1 Rxd1 18. Rxd1 Nxa2 19. f4 gxf4 20. Nxf4 Rg8
21. g3 Bb7 22. Nc4 Nb4 23. c3 Nc6 24. e6 fxe6 25. Nxe6 Be7 26. Bf4 Bd8 27. Nxd8
Nxd8 28. Bxh6 Ne6 29. Ne5 Nc5 30. g4 Ne4 31. Rf1 Bd5 32. h4 Nd6 33. g5 Kd8 34.
Ng4 Be6 35. Ne3 Ke7 36. Kh2 a5 37. h5 Nf7 38. Nf5+ Bxf5 39. Rxf5 a4 40. Kh3 Rh8
41. Rf6 Rb8 42. Rf2 Rb6 43. Kh4 Nxh6 44. gxh6 Rxh6 45. Kg5 Rh8 46. h6 Rg8+ 47.
Kh5 Rg3 48. Rf4 1-0

[Event "25th European Teams"]
[Site "Batumi GEO"]
[Date "2025.10.09"]
[Round "5.12"]
[Board "1"]
[White "Bogner, Sebastian"]
[Black "Moroni, Luca Jr"]
[Result "1/2-1/2"]
[WhiteTitle "GM"]
[BlackTitle "GM"]
[WhiteElo "2555"]
[BlackElo "2544"]
[WhiteTeam "Switzerland"]
[BlackTeam "Italy"]
[WhiteFideId "4692055"]
[BlackFideId "865834"]
[EventDate "2025.10.05"]

1. c4 e6 2. Nc3 d5 3. d4 Nf6 4. cxd5 exd5 5. Bg5 Be6 6. e3 Nbd7 7. Bd3 c6 8. h3
Be7 9. Bf4 O-O 10. Nge2 Nh5 11. Qc2 g6 12. Bh2 Ng7 13. g4 Rc8 14. O-O-O b5 15.
Kb1 a5 16. f3 a4 17. e4 Nb6 18. Nf4 dxe4 19. fxe4 b4 20. Nxe6 Nxe6 21. Ne2 Bd6
22. Bg1 b3 23. axb3 axb3 24. Qxb3 Rb8 25. Qc2 Qg5 26. e5 Ba3 27. bxa3 Nc4+ 28.
Ka1 Nxa3 29. Qc1 Ra8 30. Nc3 Qd8 31. Na2 Nxd4 32. Bxd4 Qxd4+ 33. Qb2 Qa4 34. e6
fxe6 35. Rd2 Rfd8 36. Rhd1 Rab8 37. Qc3 c5 38. g5 Rd4 39. h4 1/2-1/2

[Event "25th European Teams"]
[Site "Batumi GEO"]
[Date "2025.10.09"]
[Round "5.12"]
[Board "2"]
[White "Vocaturo, Daniele"]
[Black "Peng, Li Min"]
[Result "1/2-1/2"]
[WhiteTitle "GM"]
[BlackTitle "GM"]
[WhiteElo "2563"]
[BlackElo "2498"]
[WhiteTeam "Italy"]
[BlackTeam "Switzerland"]
[WhiteFideId "813192"]
[BlackFideId "14112620"]
[EventDate "2025.10.05"]

1. e4 e6 2. d4 d5 3. Nc3 Nf6 4. Bg5 dxe4 5. Nxe4 Nbd7 6. Nf3 h6 7. Nxf6+ Nxf6 8.
Be3 Bd6 9. Bd3 O-O 10. Qe2 b6 11. O-O-O Bb7 12. Kb1 Nd5 13. c3 Nf4 14. Bxf4 Bxf4
15. Be4 Bxe4+ 16. Qxe4 Qf6 17. Rd3 Qf5 18. Re1 Qxe4 19. Rxe4 Bd6 20. Ne5 Bxe5
21. dxe5 Rfd8 22. Red4 Rxd4 23. Rxd4 Kf8 24. b4 Ke7 25. Rc4 Kd7 26. Rd4+ Ke7 27.
Rc4 Kd7 28. Rd4+ Ke7 29. Rc4 Kd7 30. Rd4+ Ke7 1/2-1/2

[Event "25th European Teams"]
[Site "Batumi GEO"]
[Date "2025.10.09"]
[Round "5.12"]
[Board "3"]
[White "Baenziger, Fabian"]
[Black "Brunello, Sabino"]
[Result "1-0"]
[WhiteTitle "IM"]
[BlackTitle "GM"]
[WhiteElo "2439"]
[BlackElo "2493"]
[WhiteTeam "Switzerland"]
[BlackTeam "Italy"]
[WhiteFideId "1330110"]
[BlackFideId "813613"]
[EventDate "2025.10.05"]

1. d4 d5 2. c4 e6 3. Nf3 Nf6 4. Nc3 Nbd7 5. Qc2 dxc4 6. e4 c5 7. Bxc4 cxd4 8.
Nxd4 Bc5 9. Nb3 Bb6 10. O-O Ne5 11. Bb5+ Bd7 12. Bf4 Qc7 13. Qe2 Rd8 14. Rac1
Qb8 15. Na4 O-O 16. Bxd7 Nfxd7 17. Nxb6 axb6 18. Rfd1 Nc5 19. Nxc5 bxc5 20. Rxc5
Nf3+ 21. Qxf3 Qxf4 22. Rdc1 Qd2 23. R5c2 Qd4 24. h3 h6 25. Qe2 Kh7 26. Rc4 Qe5
27. R1c2 Rd7 28. Rc5 Qd4 29. R2c4 Qf6 30. Qc2 e5 31. Rd5 Rfd8 32. Rcc5 g6 33.
Qc3 Qf4 34. Qe3 Qf6 35. Qc3 Qf4 36. Qf3 Qxf3 37. gxf3 f6 38. Rb5 g5 39. a4 Kg6
40. a5 Kh5 41. b4 Kh4 42. Kg2 h5 43. Rb6 Rxd5 44. exd5 Rd7 45. Rxf6 Rxd5 46. Rb6
Rd7 47. Rb5 g4 48. hxg4 hxg4 49. Rxe5 1-0

[Event "25th European Teams"]
[Site "Batumi GEO"]
[Date "2025.10.09"]
[Round "5.12"]
[Board "4"]
[White "Sonis, Francesco"]
[Black "Kurmann, Oliver"]
[Result "1-0"]
[WhiteTitle "GM"]
[BlackTitle "IM"]
[WhiteElo "2561"]
[BlackElo "2409"]
[WhiteTeam "Italy"]
[BlackTeam "Switzerland"]
[WhiteFideId "895733"]
[BlackFideId "1308173"]
[EventDate "2025.10.05"]

1. e4 e5 2. Nf3 Nc6 3. Bb5 a6 4. Ba4 Nf6 5. O-O b5 6. Bb3 Bb7 7. d3 Be7 8. a3
O-O 9. Nc3 d6 10. Ba2 Qd7 11. Re1 Rfe8 12. h3 h6 13. Be3 Bf8 14. Qd2 Nd8 15. Qd1
c5 16. Bd2 g6 17. Nh2 h5 18. Nf1 Ne6 19. Ne3 Nc7 20. Rf1 Bg7 21. f4 exf4 22.
Rxf4 d5 23. Qf1 b4 24. axb4 cxb4 25. Rxf6 Bxf6 26. Qxf6 Re6 27. Qd4 bxc3 28.
Bxc3 f6 29. exd5 Rd6 30. Nc4 Bxd5 31. Nxd6 Qxd6 32. Rf1 Rf8 33. Bb4 1-0

[Event "25th European Teams"]
[Site "Batumi GEO"]
[Date "2025.10.09"]
[Round "5.13"]
[Board "1"]
[White "Kazakouski, Valery"]
[Black "Bjerre, Jonas Buhl"]
[Result "1/2-1/2"]
[WhiteTitle "GM"]
[BlackTitle "GM"]
[WhiteElo "2581"]
[BlackElo "2629"]
[WhiteTeam "Lithuania"]
[BlackTeam "Denmark"]
[WhiteFideId "13507443"]
[BlackFideId "1444948"]
[EventDate "2025.10.05"]

1. e4 c5 2. Nf3 d6 3. Bb5+ Bd7 4. c4 g6 5. Bxd7+ Nxd7 6. d4 cxd4 7. Nxd4 Ngf6 8.
Nc3 Bg7 9. O-O Qa5 10. Be3 Rc8 11. Rc1 Rxc4 12. Qe2 Nb6 13. Ne6 fxe6 14. Bxb6
Qa6 15. Bxa7 O-O 16. b3 Rcc8 17. Qxa6 bxa6 18. Be3 Ng4 19. Ne2 Bb2 20. Rxc8 Rxc8
21. Nf4 Kf7 22. Nd3 Ba3 23. Bc1 Rc3 24. f3 Ne3 25. Bxe3 Rxd3 26. Kf2 Rc3 27. Rd1
Rc2+ 28. Rd2 Rc6 29. Ke2 Ke8 30. Kd3 Kd7 31. Rc2 d5 1/2-1/2

[Event "25th European Teams"]
[Site "Batumi GEO"]
[Date "2025.10.09"]
[Round "5.13"]
[Board "2"]
[White "Thybo, Jesper Sondergaard"]
[Black "Stremavicius, Titas"]
[Result "0-1"]
[WhiteTitle "GM"]
[BlackTitle "GM"]
[WhiteElo "2578"]
[BlackElo "2531"]
[WhiteTeam "Denmark"]
[BlackTeam "Lithuania"]
[WhiteFideId "1438832"]
[BlackFideId "12804444"]
[EventDate "2025.10.05"]

1. d4 d5 2. c4 e6 3. Nf3 Nf6 4. g3 c5 5. Bg2 cxd4 6. O-O Bc5 7. Nxd4 O-O 8. cxd5
Nxd5 9. Nc3 Nxc3 10. bxc3 e5 11. Nb3 Bd6 12. Qd3 Qc7 13. Be4 f5 14. Rd1 Be7 15.
Bd5+ Kh8 16. c4 Nc6 17. Bb2 Bd7 18. Qe3 f4 19. Qc3 Bf5 20. c5 Bf6 21. Qc4 e4 22.
Bxf6 Rxf6 23. Bxe4 fxg3 24. hxg3 Bxe4 25. Qxe4 Raf8 26. Rf1 Qf7 27. Qg2 Re8 28.
f4 Rfe6 29. Rae1 Qe7 30. Rf2 Re3 31. Rd1 a5 32. Rd6 Qf7 33. Qh3 Rxe2 34. Rxe2
Rxe2 35. Qc8+ Re8 36. Qd7 Re7 37. Qc8+ Re8 38. Qd7 Qh5 39. Re6 Rd8 40. Qxb7 Rd1+
41. Kf2 Qh2+ 42. Kf3 Qh1+ 43. Kg4 h5+ 44. Kg5 Rd5+ 45. f5 Rxf5+ 46. Kg6 Rf6+ 0-1

[Event "25th European Teams"]
[Site "Batumi GEO"]
[Date "2025.10.09"]
[Round "5.13"]
[Board "3"]
[White "Pultinevicius, Paulius"]
[Black "Andersen, Mads"]
[Result "0-1"]
[WhiteTitle "GM"]
[BlackTitle "GM"]
[WhiteElo "2532"]
[BlackElo "2556"]
[WhiteTeam "Lithuania"]
[BlackTeam "Denmark"]
[WhiteFideId "12809390"]
[BlackFideId "1413864"]
[EventDate "2025.10.05"]

1. d4 d5 2. c4 e6 3. Nc3 Nf6 4. cxd5 Nxd5 5. e4 Nxc3 6. bxc3 c5 7. Rb1 cxd4 8.
cxd4 Nc6 9. Bb5 a6 10. Bxc6+ bxc6 11. Nf3 c5 12. O-O cxd4 13. Nxd4 Bc5 14. Nb3
Be7 15. Qh5 O-O 16. Rd1 Qe8 17. Nd4 Bd7 18. Rb3 f6 19. Qe2 Rf7 20. Rb6 Qc8 21.
Be3 Bc5 22. Rb2 e5 23. Nb3 Bb5 24. Qd2 Rd7 25. Nxc5 Rxd2 26. Rbxd2 h5 27. a4 Be8
28. Rd6 a5 29. h3 Kh7 30. Kh2 Qb8 31. R1d3 Qc7 32. g4 hxg4 33. hxg4 Qf7 34. Rb6
Rc8 35. Rd5 Bc6 36. Rd6 Be8 37. Ra6 Qc4 38. Rxa5 Qb4 39. Bd2 Qc4 40. Be3 Qb4 41.
Bd2 Qb8 42. Rd3 Qb1 43. g5 Qf1 44. Rh3+ Kg8 45. Be3 Rd8 46. gxf6 Rd1 47. Kg3
Qg1+ 48. Kf3 Rd6 49. Ra8 Rxf6+ 50. Ke2 Qg4+ 51. Kd2 Qxh3 52. Rxe8+ Kh7 53. Rxe5
Rb6 54. Nd3 Rb1 55. Rb5 Ra1 56. Nc5 Ra2+ 57. Kd3 Rxf2 58. Ne6 Qf1+ 59. Kd4 Qa1+
60. Kd5 Rf6 61. Nc5 Qa2+ 62. Rb3 Rb6 0-1

[Event "25th European Teams"]
[Site "Batumi GEO"]
[Date "2025.10.09"]
[Round "5.13"]
[Board "4"]
[White "Olsen, Filip Boe"]
[Black "Morkunas, Gustas"]
[Result "1/2-1/2"]
[WhiteTitle "IM"]
[BlackTitle "FM"]
[WhiteElo "2451"]
[BlackElo "2324"]
[WhiteTeam "Denmark"]
[BlackTeam "Lithuania"]
[WhiteFideId "1440640"]
[BlackFideId "12831026"]
[EventDate "2025.10.05"]

1. e4 c5 2. Nf3 e6 3. b3 a6 4. Bb2 d6 5. d4 cxd4 6. Nxd4 Nf6 7. Bd3 Nbd7 8. c4
b6 9. Nd2 Bb7 10. Qe2 Nc5 11. Bc2 e5 12. Nf5 g6 13. Ne3 Ne6 14. O-O Bg7 15. Rfd1
O-O 16. Nd5 Rc8 17. Nxf6+ Bxf6 18. Nf3 Qc7 19. Rd2 Rfd8 20. Qe3 Rd7 21. Rad1 Bc6
22. b4 Rcd8 23. Bb3 Qb7 24. Re1 Re8 25. Bc2 Bg7 26. Red1 Red8 27. a4 Qc7 28. Ba3
a5 29. Rb1 axb4 30. Bxb4 Ra8 31. Rbd1 Bf8 32. Qa3 Nc5 33. Bxc5 bxc5 34. Rb1 Qa5
35. Rdd1 Rda7 36. Qd3 Qc7 37. h4 Bxa4 38. Bxa4 Rxa4 39. Qd5 R4a7 40. Rb3 Rb8 41.
Rdb1 Rxb3 42. Rxb3 Qc8 43. Kh2 Qa8 44. Qd3 Ra2 45. Qe3 Qc8 46. g3 h6 47. Kg2 Kg7
48. Qd3 Ra7 49. Qb1 Qe6 50. Rb8 Re7 51. Nd2 f5 52. h5 Rf7 53. hxg6 Qxg6 54. exf5
Qxf5 55. Qxf5 Rxf5 56. Ne4 Rf7 57. Rd8 Rb7 58. Nxd6 Bxd6 59. Rxd6 Rb4 60. Re6
Rxc4 61. Rxe5 Rc1 62. Re6 c4 63. Rc6 c3 64. Kf3 c2 65. g4 h5 66. gxh5 Rh1 67.
Rc7+ Kf6 68. Rxc2 Rxh5 69. Rc6+ Kf7 70. Kg4 Ra5 71. f4 Rb5 72. Rh6 Ra5 73. Rh5
Rxh5 74. Kxh5 Kf6 75. Kg4 Kg6 76. f5+ Kf6 77. Kf4 Kf7 78. Ke5 Ke7 79. f6+ Kf7
80. Kf5 Kf8 81. Kg6 Kg8 82. f7+ Kf8 83. Kf6 1/2-1/2

[Event "25th European Teams"]
[Site "Batumi GEO"]
[Date "2025.10.09"]
[Round "5.14"]
[Board "1"]
[White "Lashkin, Jegor"]
[Black "Rodshtein, Maxim"]
[Result "1/2-1/2"]
[WhiteTitle "IM"]
[BlackTitle "GM"]
[WhiteElo "2497"]
[BlackElo "2647"]
[WhiteTeam "Moldova"]
[BlackTeam "Israel"]
[WhiteFideId "13907808"]
[BlackFideId "2806851"]
[EventDate "2025.10.05"]

1. e4 c6 2. d4 d5 3. exd5 cxd5 4. Bd3 Nc6 5. c3 Nf6 6. Bf4 Bg4 7. Qb3 Qd7 8. Nd2
e6 9. Ngf3 Bxf3 10. Nxf3 Bd6 11. Bxd6 Qxd6 12. O-O O-O 13. Rae1 Qc7 14. Qc2 Rab8
15. a4 a6 16. Re3 g6 17. h3 Kg7 18. Qe2 Rbe8 19. Re1 Re7 20. Qd1 Rfe8 21. Qb3
Nd7 22. Bf1 Nf6 23. Bd3 b5 24. Qa3 Qb6 25. b4 Rc8 26. axb5 axb5 27. Qb2 Ra7 28.
Nd2 Ne7 29. Nb3 Nf5 30. R3e2 Nd6 31. Nc5 Rca8 32. Qc1 Kg8 33. Qf4 Qd8 34. Re3
Ra3 35. Rf3 Nh5 36. Qh6 Ra1 37. Rxa1 Rxa1+ 38. Kh2 Nf5 39. Bxf5 exf5 40. Re3
Qd6+ 41. g3 Nf6 42. Re5 Ra2 43. Kg2 Rc2 44. Qe3 Qc6 45. Qd3 Ra2 46. Qb1 Qa8 47.
Qd3 Qc6 48. Qb1 Ra8 49. Qb3 h5 50. h4 Ra7 51. f3 Qa8 52. Re2 Kg7 53. Qc2 Qb8 54.
Qc1 Qd6 55. Kh3 Re7 56. Qe1 Ra7 57. Qc1 Ra8 58. Kg2 Ra7 59. Kh3 Re7 60. Qe1 Ra7
61. Qc1 1/2-1/2

[Event "25th European Teams"]
[Site "Batumi GEO"]
[Date "2025.10.09"]
[Round "5.14"]
[Board "2"]
[White "Gorshtein, Ido"]
[Black "Schitco, Ivan"]
[Result "1/2-1/2"]
[WhiteTitle "GM"]
[BlackTitle "GM"]
[WhiteElo "2537"]
[BlackElo "2483"]
[WhiteTeam "Israel"]
[BlackTeam "Moldova"]
[WhiteFideId "2815532"]
[BlackFideId "13905465"]
[EventDate "2025.10.05"]

1. c4 c6 2. d4 Nf6 3. Bf4 d5 4. cxd5 cxd5 5. e3 Nc6 6. Bb5 Bd7 7. Nc3 a6 8. Bd3
Bg4 9. Nge2 e6 10. f3 Bh5 11. Rc1 Bd6 12. O-O O-O 13. Na4 Bg6 14. Bxg6 hxg6 15.
Nc5 Bxf4 16. Nxf4 Qe7 17. Nfd3 Rfc8 18. Qd2 Ne8 19. Na4 Qd8 20. Ne5 Nxe5 21.
dxe5 Rc7 22. Nc5 b6 23. Nb3 Rac8 24. Rxc7 Rxc7 25. f4 Rc4 26. Nd4 Nc7 27. b3 Rc5
28. a4 a5 29. Qe2 Qh4 30. Qd3 Qg4 31. h3 Qg3 32. Ne2 Qh4 33. Nd4 Qg3 34. Ne2 Qh4
35. Kh2 g5 36. Nd4 g4 37. Qe2 Rc3 38. Qxg4 Qxg4 39. hxg4 Na6 40. Rf3 Rd3 41. f5
Nc5 42. g5 Nd7 43. fxe6 fxe6 44. Nxe6 Nxe5 45. Rf8+ Kh7 46. Re8 g6 47. Nf8+ Kg7
48. Rxe5 Kxf8 49. Re6 Rxb3 50. Rxg6 Rxe3 51. Rxb6 Re4 52. Rb5 Rxa4 53. Rxd5 Kg7
54. Kh3 Kg6 55. g3 1/2-1/2

[Event "25th European Teams"]
[Site "Batumi GEO"]
[Date "2025.10.09"]
[Round "5.14"]
[Board "3"]
[White "Baltag, Iulian"]
[Black "Boruchovsky, Avital"]
[Result "0-1"]
[WhiteTitle "IM"]
[BlackTitle "GM"]
[WhiteElo "2394"]
[BlackElo "2509"]
[WhiteTeam "Moldova"]
[BlackTeam "Israel"]
[WhiteFideId "13901419"]
[BlackFideId "2800055"]
[EventDate "2025.10.05"]

1. e4 c5 2. Nf3 Nc6 3. d4 cxd4 4. Nxd4 e5 5. Nb5 d6 6. c4 g6 7. N1c3 a6 8. Na3
Bg7 9. Bd3 Be6 10. Be3 Nf6 11. Be2 O-O 12. O-O Rc8 13. Rc1 Nd4 14. b3 Qa5 15.
Nab1 b5 16. Bxd4 exd4 17. Qxd4 Nd5 18. Qd2 Nxc3 19. Nxc3 bxc4 20. Bxc4 Bxc4 21.
bxc4 Rxc4 22. Nb1 Qc5 23. a3 Be5 24. Rxc4 Qxc4 25. Qa5 Bxh2+ 0-1

[Event "25th European Teams"]
[Site "Batumi GEO"]
[Date "2025.10.09"]
[Round "5.14"]
[Board "4"]
[White "Parkhov, Yair"]
[Black "Gubin, Dmitrii"]
[Result "0-1"]
[WhiteTitle "GM"]
[WhiteElo "2503"]
[BlackElo "2275"]
[WhiteTeam "Israel"]
[BlackTeam "Moldova"]
[WhiteFideId "2813408"]
[BlackFideId "13911848"]
[EventDate "2025.10.05"]

1. c4 e5 2. Nc3 d6 3. g3 f5 4. Bg2 Nf6 5. b4 Be7 6. d3 O-O 7. Nf3 Qe8 8. O-O a6
9. Rb1 h6 10. a4 Nc6 11. b5 axb5 12. axb5 Nd8 13. Nd2 Nf7 14. e3 c6 15. Qb3 Be6
16. Bb2 Qd7 17. Nd5 Bd8 18. Nxf6+ Bxf6 19. d4 exd4 20. exd4 d5 21. c5 f4 22. Bc3
Ng5 23. bxc6 bxc6 24. Qb7 Ra3 25. gxf4 Rxc3 26. fxg5 Bxg5 27. Qxd7 Bxd7 28. Rb7
Bc8 29. Rb2 Rd3 30. Nb3 Bd7 31. Rfb1 Ra8 32. Bf1 Rc3 33. Nd2 Ra4 34. Bg2 Rxd4
35. Nf3 Rdc4 36. Ne5 Rc1+ 37. Bf1 Bf5 38. Rb8+ Kh7 39. Nxc4 Bxb1 40. Ne5 Bf4 41.
Kg2 Be4+ 42. f3 Bxe5 0-1